| 000 | 00517nam a2200205Ia 4500 | ||
|---|---|---|---|
| 003 | OSt | ||
| 005 | 20250716104733.0 | ||
| 008 | 210210b1979 xxu||||| |||| 00| 0 eng d | ||
| 040 | _cAL | ||
| 041 | _aEnglish | ||
| 082 | _a954 KUNN | ||
| 100 |
_aKundra D N _9140005 |
||
| 110 |
_aKundra S D _9218914 |
||
| 245 | _aNew text book of history of India Part 1 | ||
| 260 |
_aDelhi _bGur Das kapur & Sons Pvt Ltd., _c1979 |
||
| 300 | _aiv,432p | ||
| 690 |
_aIndian History _9140006 |
||
| 906 | _a033855 | ||
| 942 |
_2ddc _cBK |
||
| 999 |
_c84515 _d84515 |
||